[Event "Challenge"]
[Site "http://www.queenalice.com/game.php?id=484245"]
[Date "2008.10.28"]
[Round "-"]
[White "ReidoBaralho"]
[Black "Kimura"]
[Result "1-0"]
[WhiteElo "1524"]
[BlackElo "1415"]

1. d4 d5 2. Bf4 e6 3. a3 h6 4. Nc3 g5 5. Be5 f6 6. Bg3 e5 7. dxe5 fxe5 8. Bxe5
Rh7 9. Nb5 Bd7 10. Nxc7+ Ke7 11. Nxa8 Qa5+ 12. Bc3 Qa6 13. e4 Qf6 14. Bxf6+ Nxf6
15. exd5 Bg4 16. f3 Bd7 17. d6+ Kd8 18. Qd3 Re7+ 19. dxe7+ Bxe7 20. Qb3 Nc6 21.
Qxb7 Ke8 22. Bb5 Nd8 23. Bxd7+ Nxd7 24. Nc7+ Kf8 25. Qc8 Nb6 26. Qf5+ Nf7 27.
Rd1 1-0

[Event "JAPAO"]
[Site "http://www.queenalice.com/game.php?id=484752"]
[Date "2008.10.29"]
[Round "-"]
[White "perucona"]
[Black "Kimura"]
[Result "0-1"]
[WhiteElo "1585"]
[BlackElo "1283"]

1. e4 e5 2. d4 f6 3. d5 d6 4. Nf3 Nh6 5. Bxh6 gxh6 6. Nc3 h5 7. Qd3 Bg4 8. O-O-O
Bh6+ 9. Kb1 O-O 10. Be2 f5 11. exf5 Na6 12. Qd2 Bxd2 13. Rxd2 Bxf5 14. Bd3 Nb4
15. Bc4 Bxc2+ 16. Kc1 Rf4 17. Ne2 Rxc4 18. Ne1 Bb3+ 19. Kb1 Qg5 20. Nf3 Bxa2+
21. Ka1 Qf5 22. Nh4 Qe4 23. b3 Bxb3 24. Rb1 Bc2 25. Rc1 Qxh4 26. Kb2 Rf8 27. g3
Qxh2 28. Rcxc2 Nxc2 29. Rxc2 b5 0-1

[Event "Challenge"]
[Site "http://www.queenalice.com/game.php?id=485387"]
[Date "2008.10.30"]
[Round "-"]
[White "Kimura"]
[Black "Fernando_cun"]
[Result "0-1"]
[WhiteElo "1298"]
[BlackElo "1462"]

1. e3 e5 2. g3 b5 3. c3 Bc5 4. Bxb5 Nf6 5. Nf3 e4 6. Ne5 O-O 7. b4 c6 8. Ba4 a5
9. bxc5 Ba6 10. Bb3 Nd5 11. Qh5 d6 12. cxd6 Qxd6 13. f4 Nd7 14. Ba3 c5 15. Nxd7
Qxd7 16. Bxd5 Rad8 17. Bxc5 Qxd5 18. g4 Qc4 19. d3 Qxd3 20. Kf2 Rd5 21. Qh4 Rxc5
22. Na3 Qe2+ 23. Kg3 Qf3# 0-1

[Event "Challenge"]
[Site "http://www.queenalice.com/game.php?id=494252"]
[Date "2008.11.16"]
[Round "-"]
[White "Kimura"]
[Black "Saru"]
[Result "0-1"]
[WhiteElo "1272"]
[BlackElo "1156"]

1. e4 e5 2. Bc4 Qe7 3. Qf3 Nf6 4. d3 Qb4+ 5. c3 Qa5 6. b4 Qa4 7. Nh3 b5 8. Bxb5
Qxb5 9. c4 Qxb4+ 10. Bd2 Qb2 11. Bc3 Qc1+ 12. Qd1 Qh6 13. Bxe5 d6 14. Bf4 Qg6
15. Rg1 Be7 16. Ng5 Ng4 17. f3 Nh6 18. Qa4+ Bd7 19. Qb4 Na6 20. Qa5 Nc5 21. Nc3
O-O 22. d4 Nd3+ 23. Kd1 Nf2+ 24. Ke2 Nhg4 25. h3 Rfb8 26. hxg4 Rb2+ 27. Ke1 c6
28. Na4 Nd3+ 29. Kd1 Rb4 30. Kc2 Rxc4+ 31. Kxd3 d5 32. Nb2 h6 33. Nh3 dxe4+ 34.
Kxc4 Be6+ 35. d5 cxd5+ 36. Kb3 d4+ 37. Nc4 e3 38. Qc7 Qd3+ 39. Kb2 Bxc4 40. Rab1
Ba3+ 41. Ka1 g5 42. Rb7 Qc3+ 43. Kb1 Bd3# 0-1

[Event "Challenge"]
[Site "http://www.queenalice.com/game.php?id=494657"]
[Date "2008.11.17"]
[Round "-"]
[White "Attia"]
[Black "Kimura"]
[Result "1-0"]
[WhiteElo "1407"]
[BlackElo "1357"]

1. e4 e6 2. Nf3 c6 3. Bc4 Nf6 4. e5 Ne4 5. d3 Nc5 6. O-O a6 7. Nc3 g6 8. Bg5 f6
9. Bxf6 Be7 10. Bxh8 Kf7 11. Qd2 Qxh8 12. Ng5+ Bxg5 13. Qxg5 Qe8 14. a3 h6 15.
Qxh6 d6 16. exd6 Nbd7 17. b4 Nf6 18. bxc5 Ng8 19. Qf4+ Nf6 20. Ne4 Kg7 21. Qxf6+
Kh6 22. Rfe1 e5 23. Re3 Bg4 24. Qg5+ Kg7 25. Qxg4 b5 26. Be6 Qe7 27. dxe7 Re8
28. Qg5 b4 29. axb4 Rb8 30. Rh3 Rxb4 31. Qh6# 1-0

[Event "Challenge"]
[Site "http://www.queenalice.com/game.php?id=501552"]
[Date "2008.12.2"]
[Round "-"]
[White "Morientes"]
[Black "Kimura"]
[Result "0-1"]
[WhiteElo "1497"]
[BlackElo "1214"]

1. e4 e5 2. Bc4 Nf6 3. Nc3 Bc5 4. h3 Nh5 5. Nf3 g5 6. Nxe5 Qf6 7. Nf3 Nf4 8. d3
Nxg2+ 9. Kf1 Nf4 10. Bxf4 Qxf4 11. Nd5 Qd6 12. Nc3 g4 13. hxg4 Bb6 14. Ng5 Qd4
15. Nxf7 Qxf2# 0-1

[Event "Revanche"]
[Site "http://www.queenalice.com/game.php?id=508795"]
[Date "2008.12.17"]
[Round "-"]
[White "Kimura"]
[Black "Saru"]
[Result "1-0"]
[WhiteElo "1311"]
[BlackElo "1300"]

1. Nc3 g5 2. Nf3 g4 3. Ng5 Bh6 4. Nce4 d5 5. h4 gxh3 6. Nxh3 dxe4 7. f3 Bf5 8.
g4 Be6 9. d4 c6 10. Bxh6 Nxh6 11. g5 Nf5 12. fxe4 Ng3 13. d5 Nxh1 14. dxe6 fxe6
15. e3 O-O 16. Qh5 Ng3 17. Qh6 Nxf1 18. g6 Rf3 19. Qxh7+ Kf8 20. g7+ Kf7 21.
g8=Q+ Kf6 22. Qxd8 c5 23. Qf8+ Ke5 24. Qxf3 Nc6 25. Qxf1 Nb4 26. Rd1 Nxc2+ 27.
Ke2 Nb4 28. Qh5+ Kxe4 29. Qf4# 1-0

[Event "Arrevanche"]
[Site "http://www.queenalice.com/game.php?id=509669"]
[Date "2008.12.18"]
[Round "-"]
[White "Morientes"]
[Black "Kimura"]
[Result "0-1"]
[WhiteElo "1353"]
[BlackElo "1341"]

1. e4 e5 2. Nf3 g5 3. Nxe5 Ne7 4. Bc4 d5 5. exd5 b5 6. Bxb5+ c6 7. Nxc6 Qxd5 8.
Qe2 Bg4 9. Nb4+ Qxb5 10. Qxb5+ Bd7 11. Qb7 Bc6 12. Nxc6 Nexc6 13. Qxa8 Bg7 14.
Nc3 Bd4 0-1

[Event "Pai vs Filho"]
[Site "http://www.queenalice.com/game.php?id=535057"]
[Date "2009.2.4"]
[Round "-"]
[White "Kimura"]
[Black "Saru"]
[Result "0-1"]
[WhiteElo "1370"]
[BlackElo "1273"]

1. f3 d5 2. d4 e6 3. b4 Bd7 4. h4 Nf6 5. Nc3 Bxb4 6. Bd2 c5 7. g4 Bc6 8. a3 Ba5
9. Kf2 cxd4 10. g5 Nh5 11. g6 Qe7 12. Bg5 f6 13. Bf4 Bc7 14. Bxc7 Qxc7 15. Bh3
dxc3 16. e4 Qb6+ 17. Kf1 Bb5+ 18. Ke1 Qe3+ 19. Ne2 Ng3 20. Bxe6 Nxh1 21. Bf7+
Kf8 22. Kf1 Qf2# 0-1

[Event "Challenge"]
[Site "http://www.queenalice.com/game.php?id=613994"]
[Date "2009.7.6"]
[Round "-"]
[White "Saru"]
[Black "Kimura"]
[Result "1-0"]
[WhiteElo "1251"]
[BlackElo "1234"]

1. e4 e5 2. Nc3 a6 3. Bc4 Bc5 4. Qe2 d6 5. Qf3 Nh6 6. h3 b5 7. Bb3 b4 8. Nd5 Nc6
9. Nc3 g6 10. d3 g5 11. Na4 g4 12. Qe2 Ng8 13. Be3 Bd7 14. f3 gxf3 15. gxf3 Qh4+
16. Kd1 Nce7 17. Kd2 Bxe3+ 18. Kxe3 f5 19. a3 Qf4+ 20. Kf2 Qh4+ 21. Kg2 f4 22.
Kf1 Nh6 23. axb4 Bc6 24. Nc3 d5 25. Ba4 d4 26. Nb1 Bxa4 27. Rxa4 Nc8 28. Nd2 Nb6
29. Ra5 Qe7 30. b5 Qb4 31. Nb3 Rg8 32. Rh2 O-O-O 33. Qd1 Rg7 34. Rg2 Qf8 35. Qd2
Qf7 36. Rxa6 Kb7 37. Nc5+ Kc8 38. Qa5 Qf8 39. Ra8+ Nxa8 40. Qxa8# 1-0

[Event "Challenge"]
[Site "http://www.queenalice.com/game.php?id=613995"]
[Date "2009.7.6"]
[Round "-"]
[White "Kimura"]
[Black "Saru"]
[Result "0-1"]
[WhiteElo "1232"]
[BlackElo "1262"]

1. d4 d5 2. Bd2 Nf6 3. Nh3 Ne4 4. Be3 Bg4 5. Ng5 f6 6. f3 g6 7. h3 Bf5 8. Na3
Nxg5 9. h4 Nf7 10. g4 Bd7 11. c3 e6 12. g5 h6 13. f4 hxg5 14. hxg5 Rxh1 15. gxf6
Qxf6 16. Kd2 Bh6 17. Qc2 Nd6 18. c4 Ne4+ 19. Kd3 Nc6 20. Nb5 Nb4# 0-1

[Event "Challenge"]
[Site "http://www.queenalice.com/game.php?id=613996"]
[Date "2009.7.6"]
[Round "-"]
[White "Saru"]
[Black "Kimura"]
[Result "0-1"]
[WhiteElo "1210"]
[BlackElo "1212"]

1. e4 e5 2. Nc3 a6 3. Nf3 c6 4. d4 c5 5. Bg5 f6 6. Bh4 g5 7. g3 gxh4 8. Nxh4
cxd4 9. Nd5 Qa5+ 10. Qd2 Nc6 11. c3 dxc3 12. Qc2 Nd4 13. Qd1 cxb2+ 14. Qd2
bxa1=Q# 0-1

[Event "Challenge"]
[Site "http://www.queenalice.com/game.php?id=613997"]
[Date "2009.7.6"]
[Round "-"]
[White "Kimura"]
[Black "Saru"]
[Result "1-0"]
[WhiteElo "1215"]
[BlackElo "1251"]

1. h3 d5 2. a3 Nc6 3. d3 e5 4. Nf3 d4 5. g4 h6 6. c3 g5 7. Qa4 Bd7 8. Qb3 Na5 9.
Qd5 Nc6 10. Qb5 b6 11. Nxe5 a6 12. Qd5 Nxe5 13. Qxe5+ Be6 14. Qxh8 Nf6 15. b3
Bxb3 16. Bg2 Qe7 17. Bxa8 Kd7 18. Nd2 Bd5 19. Bxd5 Nxd5 20. Qxd4 b5 21. Qxd5+
Kc8 22. Qa8+ Kd7 23. d4 Qd6 24. Ne4 Qe7 25. Nc5+ Kd6 26. Qxa6+ c6 27. a4 Bg7 28.
axb5 Kd5 29. Qxc6+ Kc4 30. Ra4+ Kxc3 31. Kd1 Bxd4 32. Ne4+ Kb3 33. Qc4# 1-0

[Event "Challenge"]
[Site "http://www.queenalice.com/game.php?id=618869"]
[Date "2009.7.14"]
[Round "-"]
[White "Kimura"]
[Black "Murderface"]
[Result "0-1"]
[WhiteElo "1232"]
[BlackElo "1627"]

1. e3 c6 2. b3 d5 3. c4 Nf6 4. e4 dxe4 5. a4 Bg4 6. f3 exf3 7. gxf3 Bh5 8. d3 e6
9. Qe2 Bc5 10. Nh3 O-O 11. Ba3 Bxa3 12. Nxa3 e5 13. d4 Qxd4 14. Rd1 Qc3+ 15. Qd2
Qxf3 16. Nf2 Nbd7 0-1

[Event "Son versus friend father"]
[Site "http://www.queenalice.com/game.php?id=710939"]
[Date "2010.1.9"]
[Round "-"]
[White "Kimura"]
[Black "Gadou"]
[Result "1/2-1/2"]
[WhiteElo "1218"]
[BlackElo "1368"]

1. e4 e5 2. g4 Bc5 3. c4 Qf6 4. Nh3 g5 5. d3 Bb4+ 6. Nc3 Bc5 7. Nd5 Qd6 8. Qa4
c6 9. Qa5 cxd5 10. Bg2 b6 11. Qb5 Qc6 12. Qxc6 Nxc6 13. Bxg5 f6 14. exd5 Nd4 15.
Kd1 fxg5 16. Nxg5 Nf6 17. h3 d6 18. Re1 Nxg4 19. Re4 Nxf2+ 20. Ke1 Nc2+ 21. Kd2
Nxa1 22. Ne6 Nxe4+ 23. Bxe4 Bxe6 24. dxe6 Rg8 25. Bxa8 Rg2+ 26. Bxg2 Bb4+ 27.
Kd1 Bc5 28. Kc1 Ke7 29. h4 Kxe6 30. h5 h6 31. Bd5+ 1/2-1/2

[Event "Challenge"]
[Site "http://www.queenalice.com/game.php?id=732371"]
[Date "2010.2.15"]
[Round "-"]
[White "pacomar16"]
[Black "Kimura"]
[Result "1/2-1/2"]
[WhiteElo "1194"]
[BlackElo "1224"]

1. e4 e5 2. Bc4 c6 3. Qf3 Nh6 4. g4 d5 5. Bb3 Bxg4 6. Qg3 dxe4 7. Qxe5+ Be7 8.
Qxe4 f5 9. Qe6 f4 10. h3 Bxe6 11. Bxe6 Qb6 12. d4 Bh4 13. c3 c5 14. Bd5 cxd4 15.
Bxf4 dxc3 16. Bg3 cxb2 17. Bxh4 bxa1=Q 18. Be4 O-O 19. Ne2 Re8 20. f3 Nc6 21.
Rg1 Nd4 22. Kd2 Qbb2+ 23. Ke3 Qxe2+ 24. Kf4 Ne6+ 25. Kg3 Qe5+ 26. f4 1/2-1/2